| 000 | 00485nam a2200181 a 4500 | ||
|---|---|---|---|
| 001 | 1769763990984 | ||
| 003 | YourLibrary | ||
| 005 | 20260131161943.0 | ||
| 008 | 260130s2008##################000#0#eng## | ||
| 020 | _a9780521072571 | ||
| 082 | 0 | 4 |
_a331.892877 _bDUT |
| 100 | 1 |
_aDutton, H. I., _eauthor. |
|
| 245 | 1 | 0 | _aTen Per Cent and No Surrender : |
| 260 |
_bCambridge University Press, _c2008. |
||
| 650 | 0 | _aHistory. | |
| 942 | _cENGLISH | ||
| 040 |
_aYourLibrary _beng _cYourLibrary |
||
| 999 |
_c609520 _d609520 |
||